000 01308cam a22003497a 4500
003 CHAP
005 20220329142819.0
008 040312d2003 mx r 00010 spa d
010 _a88165
011 _a89137
035 _a99686
040 _cCHAP
090 _aCD-106
110 1 _aInstituto Nacional de Estadística, Geografía e Informática. México
_959304
245 1 0 _aSistema automatizado de información censal (disco compacto)
_b: censos económicos 1999 sistéma de consulta
_c/por Instituto Nacional de Estadistica Geografía e Informática
260 _aAguascalientes, Ags. :
_bINEGI,
_c2003.
300 _a1 disco compacto 4 3/4
590 _aBATCH-UPD
_b10
_c20130110
_lUCH01
_h0929
590 _aBATCH-UPD
_b10
_c20130410
_lUCH01
_h0549
590 _aBATCH-UPD
_b10
_c20130914
_lUCH01
_h1634
590 _aCONVERSION
_b10
_c20130109
_lUCH01
_h1349
650 1 4 _aIndustria
_xEstadísticas.
_957704
650 1 4 _aIndustria
_xMéxico.
_957751
650 1 4 _aMéxico
_xEstadísticas.
_976743
650 1 4 _aSistemas de información.
_9106760
650 1 4 _aTrabajo y trabajadores
_xEstadísticas.
_9114522
901 _aBK
905 _aMayto Villalobos S.
942 _cCD
949 _aCD-106
_bBC
_cCD
_d33724000913406
_eCD
_i99686
_sb
949 _aCD-106
_bBC
_cCD
_d33724000913455
_eCD
_fc.2
_i99686
_sb
999 _c88165
_d88165